[Event "VIII Festival A"]
[Site "Montecatini Terme ITA"]
[Date "1999.08.05"]
[Round "6"]
[White "Quartararo, Pierre"]
[Black "Iudicello, Giovanni"]
[Result "0-1"]
[WhiteElo "2077"]
[BlackElo "2280"]
[PlyCount "90"]
[EventDate "1999.07.31"]

1.d4 Nf6 2.c4 g6 3.Nc3 Bg7 4.e4 d6 5.Be2 O-O 6.Nf3 e5 7.O-O Nc6 8.d5 Ne7 
9.Nd2 Ne8 10.b4 f5 11.f3 f4 12.c5 g5 13.Nc4 h5 14.Bd2 Rf7 15.Be1 Ng6 16.
Bf2 Bf8 17.cxd6 Bxd6 18.a3 Rg7 19.Nb5 Bd7 20.Na5 g4 21.Kh1 g3 22.Nxd6 Qh4 
23.Bg1 Nxd6 24.Ra2 Qg5 25.Re1 Nh4 26.Bf1 Rf8 27.Ree2 Bb5 28.Rec2 Ba4 29.
Qd3 Bxc2 30.Rxc2 gxh2 31.Bxh2 Kh8 32.Nb3 b6 33.a4 Rfg8 34.b5 Ng6 35.Rd2 
Nf8 36.Na1 Nh7 37.Nc2 Nf6 38.Nb4 h4 39.Nc6 Nh5 40.Rc2 Ng3+ 41.Kg1 Nxf1 42.
Kxf1 h3 43.Ke1 Qh4+ 44.Kd1 Rxg2 45.Nxe5 Rg1+ 0-1

[Event "VIII Festival A"]
[Site "Montecatini Terme ITA"]
[Date "1999.08.05"]
[Round "6"]
[White "Quinn, Mark Peter"]
[Black "Horvath, Jozsef"]
[Result "1/2-1/2"]
[WhiteElo "2377"]
[BlackElo "2526"]
[PlyCount "62"]
[EventDate "1999.07.31"]

1.d4 Nf6 2.c4 e6 3.Nf3 Bb4+ 4.Nc3 c5 5.g3 cxd4 6.Nxd4 O-O 7.Bg2 d5 8.Qb3 
Bxc3+ 9.bxc3 Nc6 10.cxd5 Na5 11.Qc2 Nxd5 12.O-O Bd7 13.Bxd5 exd5 14.Bf4 
Rc8 15.Qd3 Qf6 16.Rfc1 Nc4 17.Rab1 b6 18.Qf3 Be6 19.Rd1 Rfe8 20.Qh5 h6 21.
h4 Qe7 22.Rb4 Qd7 23.Nxe6 Qxe6 24.Rxd5 Qxe2 25.Qxe2 Rxe2 26.Rd4 Na5 27.Rd7
Rce8 28.Be3 Nc6 29.Ra4 Rc2 30.Rc7 Rxc3 31.Raxa7 Rcxe3 1/2-1/2

[Event "VIII Festival A"]
[Site "Montecatini Terme ITA"]
[Date "1999.08.05"]
[Round "6"]
[White "Sarno, Spartaco"]
[Black "Surjadnji, Aleksei"]
[Result "1-0"]
[WhiteElo "2373"]
[BlackElo "2429"]
[PlyCount "109"]
[EventDate "1999.07.31"]

1.c4 e6 2.Nf3 Nf6 3.g3 d5 4.b3 Be7 5.Bg2 O-O 6.O-O c5 7.Bb2 d4 8.e3 Nc6 9.
exd4 cxd4 10.Re1 Bc5 11.d3 Re8 12.a3 a5 13.Ne5 Nxe5 14.Rxe5 Nd7 15.Re1 e5 
16.Nd2 Nf6 17.Ne4 Nxe4 18.Bxe4 f5 19.Bd5+ Kh8 20.Bc1 Ra6 21.Bd2 b5 22.b4 
axb4 23.axb4 Rxa1 24.Qxa1 bxc4 25.dxc4 Bb6 26.Qa8 Qe7 27.Qc6 Ba7 28.Ra1 
Rd8 29.b5 e4 30.Bf4 Bc5 31.Ra8 Qf8 32.b6 e3 33.b7 Bxb7 34.Rxd8 Bxc6 35.
Rxf8+ Bxf8 36.Bxc6 e2 37.Bd2 Ba3 38.Bf3 d3 39.Kg2 Bc5 40.Bd5 h5 41.Bf7 Kh7
42.Bxh5 g6 43.Bxe2 dxe2 44.Kf3 g5 45.Kxe2 Kg6 46.Be3 Bd6 47.c5 Bc7 48.f4 
g4 49.Kd3 Kf7 50.Kc4 Ke6 51.Bd4 Bd8 52.Be5 Ba5 53.Bc3 Bd8 54.c6 Kd6 55.c7 
1-0

[Event "VIII Festival A"]
[Site "Montecatini Terme ITA"]
[Date "1999.08.05"]
[Round "6"]
[White "Schwenk, Andreas"]
[Black "Citti, Gianluca"]
[Result "0-1"]
[WhiteElo "2222"]
[BlackElo "2123"]
[PlyCount "76"]
[EventDate "1999.07.31"]

1.e4 e5 2.Nf3 Nc6 3.Bb5 Qf6 4.O-O Bc5 5.c3 Nge7 6.Re1 h6 7.d4 Bb6 8.Na3 
O-O 9.Nc4 d6 10.a4 exd4 11.a5 Bc5 12.Bxc6 Nxc6 13.b4 Nxb4 14.cxb4 Bxb4 15.
Bd2 Bxd2 16.Qxd2 Be6 17.Rac1 Bxc4 18.Rxc4 c5 19.e5 Qe6 20.Qc2 b5 21.axb6 
axb6 22.exd6 Qxd6 23.h3 Rfe8 24.Rxe8+ Rxe8 25.Qa4 Kf8 26.Qa3 Re6 27.Kf1 d3
28.Rc1 c4 29.Qc3 b5 30.Nd4 Re8 31.Re1 Rxe1+ 32.Kxe1 Qe5+ 33.Kd2 Qf4+ 34.
Ke1 Qe5+ 35.Kf1 Kg8 36.g3 Qd5 37.Ke1 b4 38.Qb2 c3 0-1

[Event "VIII Festival A"]
[Site "Montecatini Terme ITA"]
[Date "1999.08.05"]
[Round "6"]
[White "Tomescu, Vlad"]
[Black "Sermek, Drazen"]
[Result "1/2-1/2"]
[WhiteElo "2453"]
[BlackElo "2545"]
[PlyCount "44"]
[EventDate "1999.07.31"]

1.e4 c6 2.d4 d5 3.exd5 cxd5 4.c4 Nf6 5.Nc3 e6 6.Nf3 Bb4 7.cxd5 Nxd5 8.Bd2 
Nc6 9.Bd3 Be7 10.O-O O-O 11.a3 Nf6 12.Bg5 b6 13.Rc1 Bb7 14.Bb1 Qd6 15.Qd3 
g6 16.Nb5 Qd7 17.Ne5 Nxe5 18.dxe5 Nd5 19.Bxe7 Qxe7 20.Nc3 Rad8 21.Ne4 Nf4 
22.Qe3 Bxe4 1/2-1/2

[Event "VIII Festival A"]
[Site "Montecatini Terme ITA"]
[Date "1999.08.06"]
[Round "7"]
[White "Caposciutti, Maurizio"]
[Black "Bocchicchio, Gaetano"]
[Result "1-0"]
[WhiteElo "2305"]
[BlackElo "2209"]
[PlyCount "77"]
[EventDate "1999.07.31"]

1.d4 Nf6 2.Nf3 g6 3.Nc3 d5 4.Bf4 Bg7 5.e3 O-O 6.Be2 c5 7.Ne5 cxd4 8.exd4 
Nc6 9.O-O e6 10.Na4 Nd7 11.Nxd7 Bxd7 12.c3 Ne7 13.Nc5 Bc6 14.a4 Nf5 15.Re1
Nd6 16.Bf1 Rc8 17.h3 Re8 18.Bh2 b6 19.Nd3 Bb7 20.a5 Nc4 21.axb6 axb6 22.
Be2 Ra8 23.Rxa8 Qxa8 24.Qa1 Bf8 25.Bf4 Rc8 26.h4 Bc6 27.h5 Qb7 28.Qc1 Ra8 
29.Bg4 Be8 30.hxg6 hxg6 31.b3 Nd6 32.Bh6 Bg7 33.Qf4 Qe7 34.Bxg7 Kxg7 35.
Qe5+ Kg8 36.Nf4 Ne4 37.Nxd5 Qg5 38.Rxe4 Qxe5 39.Ne7+ 1-0

[Event "VIII Festival A"]
[Site "Montecatini Terme ITA"]
[Date "1999.08.06"]
[Round "7"]
[White "Christensen, Thomas"]
[Black "Wall, Gavin"]
[Result "0-1"]
[WhiteElo "2231"]
[BlackElo "2353"]
[PlyCount "120"]
[EventDate "1999.07.31"]

1.d4 f5 2.g3 Nf6 3.Bg2 g6 4.c4 Bg7 5.Nc3 O-O 6.Nh3 d6 7.d5 Nbd7 8.O-O Ne5 
9.b3 c6 10.Nf4 Rb8 11.Bb2 g5 12.Nd3 Nfd7 13.Qd2 f4 14.Ne4 Nxd3 15.Bxg7 
Kxg7 16.Nxg5 N3c5 17.b4 h6 18.Nh3 Na6 19.Nxf4 Nf6 20.dxc6 bxc6 21.Qd3 Qe8 
22.a3 c5 23.b5 Nc7 24.a4 Bb7 25.Bh3 Nh5 26.Nxh5+ Qxh5 27.Bg2 Bxg2 28.Kxg2 
Ne6 29.f4 Nd4 30.e3 Qf5 31.Qxf5 Nxf5 32.Kf3 a5 33.g4 Nh4+ 34.Ke4 Ng6 35.
Rab1 Rb6 36.Rh1 e6 37.h4 Ne7 38.Rhg1 d5+ 39.Kd3 d4 40.Rgf1 Rd6 41.e4 Ng6 
42.b6 Rdd8 43.Rb5 Nxf4+ 44.Kd2 Rb8 45.Rfb1 Rfc8 46.Rxa5 Ng6 47.Ra7+ Kg8 
48.a5 Ne5 49.Rf1 Nc6 50.Rd7 Rf8 51.Ra1 Ne5 52.Rc7 Rf2+ 53.Ke1 Nd3+ 54.Kd1 
Rb2 55.Rb1 Rxb1+ 56.Kc2 Rb2+ 57.Kxd3 Rf8 58.e5 Rf3+ 59.Ke4 Re3+ 60.Kf4 
Rf2# 0-1

[Event "VIII Festival A"]
[Site "Montecatini Terme ITA"]
[Date "1999.08.06"]
[Round "7"]
[White "Citti, Gianluca"]
[Black "Arlandi, Ennio"]
[Result "0-1"]
[WhiteElo "2123"]
[BlackElo "2465"]
[PlyCount "86"]
[EventDate "1999.07.31"]

1.e4 c5 2.Nc3 Nc6 3.g3 g6 4.Bg2 Bg7 5.d3 d6 6.Be3 e6 7.Qd2 Rb8 8.Nge2 Nd4 
9.Nd1 b5 10.Nc1 b4 11.c3 bxc3 12.bxc3 Nc6 13.O-O Nge7 14.Bh6 O-O 15.Bxg7 
Kxg7 16.Ne3 f5 17.exf5 gxf5 18.f4 a5 19.d4 cxd4 20.cxd4 Qb6 21.Rd1 Ba6 22.
Kh1 Qb2 23.Nb3 Qxd2 24.Rxd2 a4 25.d5 Nxd5 26.Nxd5 exd5 27.Nd4 Nxd4 28.Rxd4
Rfe8 29.Rxa4 Bc4 30.Ra7+ Kg6 31.Rd7 Re6 32.h3 Rb2 33.a4 d4 34.g4 d3 35.h4 
fxg4 36.Rf1 d2 37.f5+ Kh6 38.fxe6 Bxf1 39.Be4 Bg2+ 40.Kxg2 d1=Q+ 41.Kg3 
Qg1+ 42.Kf4 Rf2+ 43.Ke3 Rf3+ 0-1

[Event "VIII Festival A"]
[Site "Montecatini Terme ITA"]
[Date "1999.08.06"]
[Round "7"]
[White "Collutiis, Duilio"]
[Black "Corvi, Marco"]
[Result "1-0"]
[WhiteElo "2200"]
[BlackElo "2308"]
[PlyCount "29"]
[EventDate "1999.07.31"]

1.e4 Nf6 2.Nc3 d5 3.e5 Ne4 4.Nce2 d4 5.c3 Nc6 6.Nf3 Bg4 7.Nexd4 Nxe5 8.Qe2
Qd5 9.Nb5 O-O-O 10.c4 Qe6 11.d4 Ng6 12.d5 Qf5 13.Nbd4 Nf4 14.Nxf5 Nxe2 15.
Ne3 1-0

[Event "VIII Festival A"]
[Site "Montecatini Terme ITA"]
[Date "1999.08.06"]
[Round "7"]
[White "De Santis, Alessio"]
[Black "Badea, Bela"]
[Result "0-1"]
[WhiteElo "2352"]
[BlackElo "2479"]
[PlyCount "102"]
[EventDate "1999.07.31"]

1.d4 g6 2.c4 Bg7 3.Nc3 d6 4.e4 e5 5.Nge2 Nd7 6.Be3 Nh6 7.f3 f6 8.Qd2 Nf7 
9.h4 c6 10.h5 a6 11.hxg6 hxg6 12.Rxh8+ Bxh8 13.d5 f5 14.b4 Nf6 15.O-O-O a5
16.b5 cxb5 17.cxb5 a4 18.a3 Bd7 19.Kb2 fxe4 20.fxe4 Ng4 21.Bg1 Bg7 22.Ka2 
Bh6 23.Qd3 Qg5 24.Rb1 Ne3 25.Bxe3 Qxe3 26.Qxe3 Bxe3 27.Rb4 Ra5 28.Rxa4 
Rxa4 29.Nxa4 Bxb5 30.Nac3 Bd7 31.Nd1 Bc5 32.Nec3 Ng5 33.Be2 Ke7 34.Kb3 Nh7
35.a4 Kf6 36.Nb2 Kg5 37.a5 Nf6 38.Nd3 Be3 39.Bf3 Kh4 40.Kc4 g5 41.Nb2 g4 
42.Bd1 Kg3 43.Kd3 Bc5 44.Ba4 Kxg2 45.Nc4 g3 46.Bxd7 Nxd7 47.Nb5 Kf2 48.
Nbxd6 g2 49.Nxb7 g1=Q 50.Nd2 Bd4 51.Nd6 Qc1 0-1

[Event "VIII Festival A"]
[Site "Montecatini Terme ITA"]
[Date "1999.08.06"]
[Round "7"]
[White "Efimov, Igor"]
[Black "Estremera Panos, Sergio"]
[Result "1-0"]
[WhiteElo "2445"]
[BlackElo "2387"]
[PlyCount "89"]
[EventDate "1999.07.31"]

1.d4 Nf6 2.Bg5 Ne4 3.Bf4 c5 4.f3 Qa5+ 5.c3 Nf6 6.Nd2 cxd4 7.Nb3 Qd8 8.cxd4
d5 9.e3 Nc6 10.Bd3 e6 11.Ne2 Bb4+ 12.Nc3 Nh5 13.Bg3 Nxg3 14.hxg3 e5 15.
dxe5 Qg5 16.Kf2 Qxe5 17.f4 Qf6 18.Nxd5 Qxb2+ 19.Kg1 Bd6 20.Nd2 Bg4 21.Rb1 
Bxd1 22.Rxb2 O-O-O 23.Bf5+ Kb8 24.Be4 f5 25.Rb1 Bg4 26.Nf6 fxe4 27.Nxg4 h5
28.Nxe4 Bc7 29.Ngf2 Bb6 30.Rb3 Rh6 31.g4 Re6 32.Rxh5 Rde8 33.Nc5 Rxe3 34.
Rxe3 Rxe3 35.Nd7+ Kc7 36.Nxb6 Re1+ 37.Kh2 Kxb6 38.Rg5 Re2 39.Nd3 Rxa2 40.
Rxg7 a5 41.f5 Rd2 42.f6 Nd8 43.Rd7 Nf7 44.Rxf7 Rxd3 45.Re7 1-0

[Event "VIII Festival A"]
[Site "Montecatini Terme ITA"]
[Date "1999.08.06"]
[Round "7"]
[White "Goloshchapov, Alexander"]
[Black "Quinn, Mark Peter"]
[Result "1-0"]
[WhiteElo "2519"]
[BlackElo "2377"]
[PlyCount "125"]
[EventDate "1999.07.31"]

1.e4 c5 2.Nf3 Nc6 3.d4 cxd4 4.Nxd4 g6 5.c4 Bg7 6.Be3 Nf6 7.Nc3 Ng4 8.Qxg4 
Nxd4 9.Qd1 Ne6 10.Rc1 Qa5 11.Bd3 g5 12.O-O Be5 13.a3 Qc7 14.g3 b6 15.Nd5 
Qb8 16.b4 Bb7 17.Qh5 h6 18.f4 gxf4 19.gxf4 Bd4 20.Bxd4 Nxd4 21.Qg4 Rf8 22.
Qg7 Ne6 23.Qxh6 Rg8+ 24.Kh1 Qd6 25.f5 O-O-O 26.fxe6 fxe6 27.Qf4 exd5 28.
cxd5+ Kb8 29.Qxd6+ exd6 30.Rf6 Rg7 31.Rg1 Rh7 32.Rfg6 Rhh8 33.Rxd6 Kc7 34.
Rf6 Rh5 35.Rc1+ Kb8 36.Rcf1 Kc7 37.Rc1+ Kb8 38.Rcf1 Kc7 39.R1f2 Rh4 40.Kg1
Rg8+ 41.Kf1 Re8 42.Kg1 Rh3 43.R2f3 Rg8+ 44.Kh1 Rhh8 45.Bf1 Kd8 46.Rh3 Ke7 
47.Rfh6 Rxh6 48.Rxh6 Rc8 49.Bh3 Rc3 50.Rh7+ Kf6 51.Bxd7 Rxa3 52.b5 a5 53.
Be6 Rb3 54.Rxb7 Rxb5 55.Bd7 Rb4 56.Bc6 Ke5 57.Re7+ Kd6 58.Re8 a4 59.e5+ 
Kc5 60.Ra8 b5 61.e6 Kd6 62.Ra6 Ke7 63.Ra7+ 1-0

[Event "VIII Festival A"]
[Site "Montecatini Terme ITA"]
[Date "1999.08.06"]
[Round "7"]
[White "Gorbatov, Alexej"]
[Black "Zueger, Beat"]
[Result "1-0"]
[WhiteElo "2353"]
[BlackElo "2434"]
[PlyCount "107"]
[EventDate "1999.07.31"]

1.Nf3 Nf6 2.c4 g6 3.b4 Bg7 4.Na3 O-O 5.Bb2 d6 6.g3 e5 7.d3 Nh5 8.Qc2 f5 9.
c5 Qe7 10.cxd6 cxd6 11.Rc1 Be6 12.Bg2 Na6 13.b5 Rac8 14.Qb1 Nc5 15.O-O Na4
16.Ba1 d5 17.Qb3 Nc5 18.Qb4 d4 19.Nc4 Bf7 20.b6 a6 21.Bb2 Rfe8 22.Ba3 e4 
23.dxe4 fxe4 24.Nfd2 Qd7 25.Na5 Bf8 26.Qb1 e3 27.fxe3 dxe3 28.Ndc4 Qg4 29.
Rf3 Qg5 30.Rcf1 Bd5 31.h4 Qd8 32.Rd1 Be4 33.Rxd8 Bxb1 34.Rxe8 Rxe8 35.
Rxf8+ Rxf8 36.Bxc5 Rc8 37.Nxb7 Nxg3 38.Nbd6 Rb8 39.Bd5+ Kg7 40.Nxe3 Nxe2+ 
41.Kh2 Nc3 42.Bd4+ Kf8 43.Bxc3 Rxb6 44.Nec4 Rb8 45.Ne5 Ke7 46.Ndf7 Rc8 47.
Bb4+ Kf6 48.Nd7+ Kg7 49.Bc5 h6 50.Nd6 Rd8 51.Bd4+ Kh7 52.Nf6+ Kg7 53.Nde8+
Kh8 54.Nd7+ 1-0

[Event "VIII Festival A"]
[Site "Montecatini Terme ITA"]
[Date "1999.08.06"]
[Round "7"]
[White "Horvath, Csaba"]
[Black "De Gleria, Francesco"]
[Result "1/2-1/2"]
[WhiteElo "2509"]
[BlackElo "2422"]
[PlyCount "40"]
[EventDate "1999.07.31"]

1.d4 Nf6 2.c4 g6 3.Nc3 Bg7 4.e4 d6 5.Be2 O-O 6.Bg5 c5 7.d5 a6 8.a4 e6 9.
Qd2 exd5 10.exd5 Qa5 11.Nf3 Bg4 12.Ne4 Qxd2+ 13.Nfxd2 Nxe4 14.Nxe4 Bxe2 
15.Kxe2 h6 16.Bf4 f5 17.Nc3 Rf6 18.h4 Nd7 19.Rhe1 Ne5 20.b3 Rf7 1/2-1/2

[Event "VIII Festival A"]
[Site "Montecatini Terme ITA"]
[Date "1999.08.06"]
[Round "7"]
[White "Iordachescu, Viorel"]
[Black "Razuvaev, Yuri S."]
[Result "1/2-1/2"]
[WhiteElo "2553"]
[BlackElo "2559"]
[PlyCount "99"]
[EventDate "1999.07.31"]

1.e4 c5 2.Nf3 e6 3.d4 cxd4 4.Nxd4 Nc6 5.Nc3 Qc7 6.Be2 a6 7.O-O Nf6 8.Kh1 
Be7 9.f4 d6 10.Be3 O-O 11.Qe1 Nxd4 12.Bxd4 b5 13.a3 Bb7 14.Qg3 Rae8 15.
Rae1 Bc6 16.b4 Bd8 17.e5 dxe5 18.fxe5 Ne4 19.Nxe4 Bxe4 20.a4 Qxc2 21.axb5 
axb5 22.Qf2 Be7 23.Bxb5 Qxf2 24.Rxf2 Rb8 25.Ba6 Bd5 26.Bc5 Bh4 27.Kg1 
Bxf2+ 28.Kxf2 Rfd8 29.Bd6 Ra8 30.b5 Rd7 31.Rb1 f5 32.g3 Bb7 33.Bxb7 Rxb7 
34.Ke3 Ra4 35.b6 Rc4 36.h4 Kf7 37.h5 g5 38.Bc7 Rc3+ 39.Kd4 Rc6 40.Ra1 
Rcxc7 41.bxc7 Rxc7 42.Ra6 h6 43.Ra8 Rd7+ 44.Ke3 Rd5 45.Ra7+ Kf8 46.Ra8+ 
Ke7 47.Ra7+ Kd8 48.Ra8+ Kd7 49.Ra7+ Kc6 50.Ra6+ 1/2-1/2

[Event "VIII Festival A"]
[Site "Montecatini Terme ITA"]
[Date "1999.08.06"]
[Round "7"]
[White "Komarov, Dimitri"]
[Black "Tomescu, Vlad"]
[Result "1-0"]
[WhiteElo "2582"]
[BlackElo "2453"]
[PlyCount "55"]
[EventDate "1999.07.31"]

1.d4 Nf6 2.c4 g6 3.Nc3 d5 4.Nf3 Bg7 5.cxd5 Nxd5 6.e4 Nxc3 7.bxc3 c5 8.Rb1 
O-O 9.Be2 b6 10.O-O Bb7 11.Qd3 Ba6 12.Qe3 cxd4 13.cxd4 Qd7 14.Ba3 Re8 15.
Rfc1 e6 16.Bxa6 Nxa6 17.h4 Rac8 18.h5 Nc7 19.h6 Bh8 20.Ne5 Bxe5 21.dxe5 
Red8 22.Qb3 Na6 23.Rd1 Qe8 24.Bd6 Rc6 25.Qf3 f5 26.exf5 gxf5 27.Rb3 Nc5 
28.Qg3+ 1-0

[Event "VIII Festival A"]
[Site "Montecatini Terme ITA"]
[Date "1999.08.06"]
[Round "7"]
[White "Lagumina, Giulio"]
[Black "De Poi, Paolo"]
[Result "1-0"]
[WhiteElo "2281"]
[BlackElo "2169"]
[PlyCount "45"]
[EventDate "1999.07.31"]

1.d4 Nf6 2.c4 g6 3.Nc3 Bg7 4.e4 d6 5.f4 O-O 6.Nf3 c5 7.d5 e6 8.Be2 exd5 9.
cxd5 Re8 10.e5 dxe5 11.fxe5 Ng4 12.Bg5 Qb6 13.Qd2 Nxe5 14.O-O-O Nbd7 15.d6
f6 16.Nd5 fxg5 17.Nxb6 axb6 18.Bb5 Ra5 19.a4 Rxb5 20.axb5 c4 21.Qd5+ Kh8 
22.Rhe1 g4 23.Nxe5 1-0

[Event "VIII Festival A"]
[Site "Montecatini Terme ITA"]
[Date "1999.08.06"]
[Round "7"]
[White "Manca, Federico"]
[Black "Del Rio Angelis, Salvador Gabriel"]
[Result "0-1"]
[WhiteElo "2373"]
[BlackElo "2471"]
[PlyCount "78"]
[EventDate "1999.07.31"]

1.e4 c5 2.c3 e6 3.d4 d5 4.exd5 Qxd5 5.Nf3 Nf6 6.Be3 cxd4 7.cxd4 Bb4+ 8.Nc3
O-O 9.Bd3 b6 10.O-O Bxc3 11.bxc3 Ba6 12.Bxa6 Nxa6 13.Qa4 Qb7 14.c4 Rac8 
15.Rfc1 Nb8 16.Rab1 Nbd7 17.h3 Rc6 18.Ne5 Nxe5 19.dxe5 Nd7 20.c5 Rfc8 21.
cxb6 Rxc1+ 22.Bxc1 axb6 23.Be3 h6 24.Qb5 Rc6 25.Rd1 Qc7 26.Qa4 Nxe5 27.Bf4
Rc5 28.Qa8+ Kh7 29.Qe4+ f5 30.Qe2 g5 31.Be3 Rc6 32.f4 Rc2 33.Qb5 gxf4 34.
Bxf4 Nf3+ 35.Kh1 Qxf4 36.Qd7+ Kg6 37.Qxe6+ Kh5 38.Qf7+ Kh4 39.Qf6+ Qg5 0-1

[Event "VIII Festival A"]
[Site "Montecatini Terme ITA"]
[Date "1999.08.06"]
[Round "7"]
[White "Mantovani, Renzo"]
[Black "Farago, Ivan"]
[Result "0-1"]
[WhiteElo "2419"]
[BlackElo "2512"]
[PlyCount "70"]
[EventDate "1999.07.31"]

1.e4 e6 2.Qe2 c5 3.g3 Nc6 4.Bg2 g6 5.d3 Bg7 6.c3 Nge7 7.h4 h6 8.h5 g5 9.f4
gxf4 10.gxf4 d6 11.Be3 Qc7 12.Nd2 Bd7 13.Ngf3 O-O-O 14.d4 Kb8 15.dxc5 dxc5
16.O-O-O Nd4 17.Qf2 Bb5 18.Bf1 Ba4 19.Re1 Nc2 20.Bxc5 Nxe1 21.Bxa7+ Ka8 
22.Bb6 Qc6 23.Bxd8 Rxd8 24.Qxe1 Bxc3 25.Bc4 Bxd2+ 26.Nxd2 Rxd2 27.Kxd2 
Qxc4 28.Ke3 Qc5+ 29.Kf3 f5 30.Rh3 Bc6 31.Ke2 Qb5+ 32.Kd1 fxe4 33.Qf2 Nf5 
34.Ra3+ Kb8 35.Qg1 Kc7 0-1

[Event "VIII Festival A"]
[Site "Montecatini Terme ITA"]
[Date "1999.08.06"]
[Round "7"]
[White "Naumkin, Igor"]
[Black "Korsunsky, Yuri"]
[Result "1/2-1/2"]
[WhiteElo "2489"]
[BlackElo "2418"]
[PlyCount "118"]
[EventDate "1999.07.31"]

1.d4 Nf6 2.Nf3 e6 3.c4 d5 4.Nc3 c5 5.cxd5 exd5 6.g3 Nc6 7.Bg2 Be7 8.O-O 
O-O 9.Bf4 c4 10.Ne5 Be6 11.Nxc6 bxc6 12.b3 Qa5 13.Na4 Rac8 14.Qc2 c5 15.
Nxc5 Bxc5 16.dxc5 Qxc5 17.Rad1 d4 18.bxc4 Qxc4 19.Qb2 Qxa2 20.Qxa2 Bxa2 
21.Rxd4 Rc2 22.Bf3 Bc4 23.Re1 Bb5 24.e4 a6 25.e5 Nd7 26.e6 fxe6 27.Rxe6 
Nf6 28.Kg2 Rcc8 29.Bb7 Rcd8 30.Rxd8 Rxd8 31.Bxa6 Bxa6 32.Rxa6 Rd7 33.h4 
Kf7 34.Bg5 Ne4 35.Be3 Nf6 36.Kf3 h5 37.Ra5 Rd5 38.Ra6 Rd7 39.Bc1 Rd3+ 40.
Ke2 Rd7 41.Bb2 Rb7 42.Ba1 Rd7 43.Kf3 Kg6 44.Kf4 Rd5 45.Be5 Rb5 46.f3 Rb4+ 
47.Ke3 Rb3+ 48.Ke2 Rb5 49.Ba1 Rd5 50.g4 hxg4 51.fxg4 Kf7 52.g5 Ne8 53.g6+ 
Ke7 54.Kf3 Rb5 55.Ra7+ Ke6 56.Bxg7 Kf5 57.h5 Kg5 58.Bd4 Kxh5 59.g7 Rg5 
1/2-1/2

[Event "VIII Festival A"]
[Site "Montecatini Terme ITA"]
[Date "1999.08.06"]
[Round "7"]
[White "Sarno, Spartaco"]
[Black "Dervishi, Erald"]
[Result "1-0"]
[WhiteElo "2373"]
[BlackElo "2496"]
[PlyCount "129"]
[EventDate "1999.07.31"]

1.c4 e6 2.Nf3 Nf6 3.g3 d5 4.b3 Be7 5.Bg2 O-O 6.O-O c5 7.Bb2 Nc6 8.e3 Qc7 
9.Qe2 Rd8 10.Nc3 b6 11.Rac1 dxc4 12.bxc4 Bb7 13.Nb5 Qd7 14.Rfd1 a6 15.Nc3 
Qc7 16.d4 cxd4 17.exd4 Na5 18.Nb1 Rac8 19.Nbd2 Bc6 20.Bh3 Bxf3 21.Qxf3 b5 
22.d5 Nxc4 23.Nxc4 bxc4 24.dxe6 Rxd1+ 25.Qxd1 Kf8 26.exf7 Rd8 27.Qe2 Qa5 
28.Bxf6 Bxf6 29.Rxc4 Kxf7 30.Rc6 Qb5 31.Qe6+ Kf8 32.Bf1 Qd5 33.Bxa6 Qxe6 
34.Rxe6 Rd2 35.Re2 Rxe2 36.Bxe2 Bd4 37.Kg2 Ke7 38.a4 Bb6 39.f4 Kd6 40.Kf3 
h6 41.Ke4 Bg1 42.h4 Bf2 43.Kf3 Be1 44.h5 Kd5 45.Bb5 Kd4 46.g4 Bd2 47.Bd7 
Kd5 48.Be8 Kd4 49.Bf7 Kd3 50.Bd5 Kd4 51.Bb7 Kd3 52.f5 Kd4 53.Ke2 Bb4 54.
Bf3 Bc3 55.Kd1 Ke3 56.Kc2 Kd4 57.Be2 Bb4 58.Kb3 Bd2 59.Bf1 Ke4 60.Kc4 Kf3 
61.Kd3 Bb4 62.Be2+ Kf2 63.Kc4 Bd2 64.Bd1 Ke1 65.Bb3 1-0

[Event "VIII Festival A"]
[Site "Montecatini Terme ITA"]
[Date "1999.08.06"]
[Round "7"]
[White "Scalcione, Michelangelo"]
[Black "Aleksic, Nenad"]
[Result "1/2-1/2"]
[WhiteElo "2177"]
[BlackElo "2421"]
[PlyCount "89"]
[EventDate "1999.07.31"]

1.Nf3 Nf6 2.c4 b6 3.g3 Bb7 4.Bg2 e6 5.O-O Be7 6.Nc3 O-O 7.d4 Na6 8.a3 c5 
9.d5 exd5 10.cxd5 d6 11.e4 Nc7 12.Re1 Re8 13.Nh4 g6 14.Bh6 Rb8 15.f4 Qd7 
16.Bf3 Kh8 17.Bg5 Kg7 18.Ng2 h6 19.Bh4 Rbd8 20.Rc1 Qc8 21.Rc2 a6 22.Rd2 
Nb5 23.Nxb5 axb5 24.e5 Ng8 25.g4 Bxh4 26.Nxh4 c4 27.e6 Qc7 28.Rde2 Nf6 29.
exf7 Rxe2 30.Qxe2 Qxf7 31.Qc2 Re8 32.Re6 Bxd5 33.Bxd5 Rxe6 34.Bxe6 Qxe6 
35.Qxg6+ Kf8 36.Qxh6+ Ke8 37.Qg6+ Kd8 38.Kf1 c3 39.bxc3 Qc4+ 40.Kg1 Qxf4 
41.g5 Qg4+ 42.Ng2 Qd1+ 43.Kf2 Qd2+ 44.Kf3 Qd1+ 45.Kf2 1/2-1/2

[Event "VIII Festival A"]
[Site "Montecatini Terme ITA"]
[Date "1999.08.06"]
[Round "7"]
[White "Sermek, Drazen"]
[Black "Belotti, Bruno"]
[Result "1/2-1/2"]
[WhiteElo "2545"]
[BlackElo "2423"]
[PlyCount "75"]
[EventDate "1999.07.31"]

1.e4 e5 2.Nf3 Nc6 3.Bc4 Bc5 4.d3 Nf6 5.c3 d6 6.O-O O-O 7.Bb3 a6 8.Re1 Ba7 
9.Be3 Bxe3 10.Rxe3 d5 11.h3 dxe4 12.dxe4 Qxd1+ 13.Bxd1 Be6 14.Nbd2 Rfd8 
15.Bb3 Bxb3 16.axb3 Nd7 17.b4 Nf8 18.g3 Ne6 19.h4 h5 20.Nb3 f6 21.Kf1 Kf7 
22.Ke2 Rac8 23.Rd3 Rxd3 24.Kxd3 Nb8 25.Na5 b6 26.Nc4 b5 27.Ne3 c5 28.Nd5 
cxb4 29.Nxb4 Nc5+ 30.Ke3 Rd8 31.Ne1 Rd6 32.Ned3 Nbd7 33.f3 Na4 34.f4 exf4+
35.gxf4 Ndc5 36.Nxc5 Nxc5 37.f5 Rd8 38.Kf3 1/2-1/2

[Event "VIII Festival A"]
[Site "Montecatini Terme ITA"]
[Date "1999.08.06"]
[Round "7"]
[White "Solozhenkin, Evgeniy"]
[Black "El Kher, Henrik"]
[Result "1-0"]
[WhiteElo "2544"]
[BlackElo "2332"]
[PlyCount "99"]
[EventDate "1999.07.31"]

1.d4 Nf6 2.c4 g6 3.Nc3 d5 4.cxd5 Nxd5 5.e4 Nxc3 6.bxc3 Bg7 7.Nf3 c5 8.Rb1 
O-O 9.Be2 Nc6 10.d5 Bxc3+ 11.Bd2 Bxd2+ 12.Qxd2 Na5 13.Qc3 b6 14.h4 e6 15.
Rd1 exd5 16.Rxd5 Qe7 17.h5 Bb7 18.Re5 Qf6 19.Nh2 Bc8 20.Rxc5 Qxc3+ 21.Rxc3
Be6 22.hxg6 hxg6 23.Ng4 Kg7 24.e5 Bxa2 25.f4 Be6 26.Nf6 Rh8 27.Rxh8 Rxh8 
28.Rc7 Rb8 29.Rxa7 Nc6 30.Ra3 Nd4 31.Bd1 Bc4 32.Kd2 b5 33.Rh3 Rh8 34.Rxh8 
Kxh8 35.Kc3 Nf5 36.Bf3 Ng3 37.Ne8 Ne2+ 38.Bxe2 Bxe2 39.Kb4 Kh7 40.Nd6 g5 
41.f5 Bd3 42.Kc3 Bb1 43.f6 Kg6 44.Nxb5 Kf5 45.Kd4 Ba2 46.Nc7 Kf4 47.e6 
fxe6 48.Nd5+ Bxd5 49.f7 e5+ 50.Kxd5 1-0

[Event "VIII Festival A"]
[Site "Montecatini Terme ITA"]
[Date "1999.08.06"]
[Round "7"]
[White "Surjadnji, Aleksei"]
[Black "Rodkin, Rafael"]
[Result "1-0"]
[WhiteElo "2429"]
[BlackElo "2240"]
[PlyCount "79"]
[EventDate "1999.07.31"]

1.d4 d5 2.c4 dxc4 3.Nf3 Nf6 4.e3 e6 5.Bxc4 a6 6.O-O b5 7.Bb3 Bb7 8.a4 Nbd7
9.Qe2 Bd6 10.Nbd2 O-O 11.Rd1 Qb8 12.axb5 axb5 13.Rxa8 Bxa8 14.e4 Be7 15.e5
Nd5 16.Ne4 h6 17.Bc2 Nb4 18.Bb1 Rd8 19.Nc3 Bc6 20.d5 Nxd5 21.Nxd5 Bxd5 22.
Rxd5 exd5 23.e6 Nc5 24.exf7+ Kf8 25.Ne5 Rd6 26.Ng6+ Rxg6 27.Bxg6 Qb6 28.
Bh5 Ne6 29.Qd3 Qc5 30.Be3 d4 31.Qh7 Bg5 32.Qg8+ Ke7 33.f8=Q+ Nxf8 34.Qf7+ 
Kd6 35.Qxf8+ Kd5 36.Qg8+ Kc6 37.Bf3+ Kb6 38.Qb8+ Ka5 39.Qa8+ Kb6 40.b4 1-0

[Event "VIII Festival A"]
[Site "Montecatini Terme ITA"]
[Date "1999.08.07"]
[Round "8"]
[White "Aleksic, Nenad"]
[Black "Lagumina, Giulio"]
[Result "1/2-1/2"]
[WhiteElo "2421"]
[BlackElo "2281"]
[PlyCount "48"]
[EventDate "1999.07.31"]

1.e4 e5 2.Nf3 d6 3.d4 exd4 4.Qxd4 Nc6 5.Bb5 Ne7 6.Bg5 a6 7.Bxc6+ Nxc6 8.
Qd2 Be7 9.Nc3 Bxg5 10.Nxg5 h6 11.Nf3 O-O 12.O-O-O f5 13.e5 dxe5 14.Qxd8 
Rxd8 15.Rxd8+ Nxd8 16.Nxe5 Be6 17.Re1 g5 18.Nf3 Kf7 19.Nd4 c5 20.Nf3 Kf6 
21.Ne5 Nf7 22.Nxf7 Bxf7 23.Rd1 Re8 24.Rd6+ Re6 1/2-1/2

[Event "VIII Festival A"]
[Site "Montecatini Terme ITA"]
[Date "1999.08.07"]
[Round "8"]
[White "Arlandi, Ennio"]
[Black "Klings, Peter"]
[Result "1-0"]
[WhiteElo "2465"]
[BlackElo "2223"]
[PlyCount "55"]
[EventDate "1999.07.31"]

1.d4 c5 2.d5 g6 3.c4 Nf6 4.Nc3 d6 5.e4 Bg7 6.h3 O-O 7.Nf3 e6 8.Bd3 exd5 9.
cxd5 Re8 10.O-O a6 11.a4 c4 12.Bc2 Nbd7 13.Be3 Qc7 14.Bd4 b6 15.Re1 Bb7 
16.Qd2 Rab8 17.Be3 Nc5 18.Bh6 Rbd8 19.Bxg7 Kxg7 20.Nd4 Qd7 21.Nf5+ Kg8 22.
Qd4 Nh5 23.Nh6+ Kf8 24.Qh8+ Ke7 25.Qxh7 Rf8 26.Nf5+ Ke8 27.e5 gxf5 28.
exd6+ 1-0

[Event "VIII Festival A"]
[Site "Montecatini Terme ITA"]
[Date "1999.08.07"]
[Round "8"]
[White "Badea, Bela"]
[Black "Zaitsev, Vadim"]
[Result "1/2-1/2"]
[WhiteElo "2479"]
[BlackElo "2411"]
[PlyCount "75"]
[EventDate "1999.07.31"]

1.Nf3 Nf6 2.g3 g6 3.b3 Bg7 4.Bb2 d6 5.d4 c5 6.e3 Ne4 7.Bg2 Qa5+ 8.Nfd2 
Nxd2 9.Nxd2 Nc6 10.c3 cxd4 11.exd4 h5 12.Nc4 Qc7 13.Ne3 h4 14.O-O hxg3 15.
hxg3 Qa5 16.f4 Bh3 17.b4 Qh5 18.Qxh5 Rxh5 19.Bxh3 Rxh3 20.Kg2 Rh8 21.Rh1 
Rxh1 22.Rxh1 Kf8 23.a4 Rc8 24.a5 Kg8 25.Ra1 e6 26.Kf3 a6 27.Rb1 d5 28.Ke2 
Na7 29.Kd3 Nb5 30.Rc1 f5 31.Rc2 Nd6 32.c4 dxc4+ 33.Nxc4 Nb5 34.Re2 Bxd4 
35.Rxe6 Bxb2 36.Nxb2 Rc3+ 37.Kd2 Rxg3 38.Nd3 1/2-1/2